[Event "ISR-ch"]
[Site "Ramat Aviv ISR"]
[Date "1998.11.08"]
[Round "1.1"]
[White "Rabinovich, Alexander"]
[Black "Lurie, Michael"]
[Result "1-0"]
[WhiteElo "2460"]
[BlackElo "2160"]
[PlyCount "69"]
[GameId "2129405166265978"]
[EventDate "1998.11.08"]
[EventType "k.o."]
[EventRounds "5"]
[EventCountry "ISR"]
[SourceTitle "CBM 68"]
[Source "ChessBase"]
[SourceDate "1999.02.01"]
[SourceVersion "1"]
[SourceVersionDate "1999.02.01"]
[SourceQuality "1"]

1. d4 Nf6 2. c4 g6 3. Nc3 d5 4. cxd5 Nxd5 5. Bd2 Bg7 6. e4 Nxc3 7. Bxc3 O-O 8. Be2 c5 9. d5 e6 10. Nf3 exd5 11. exd5 Bf5 12. O-O Nd7 13. Bxg7 Kxg7 14. Rc1 Qf6 15. Qb3 b6 16. Rfd1 Rfd8 17. h3 h5 18. Nd2 Ne5 19. Nf1 Bc8 20. Ne3 Bb7 21. a4 Rd6 22. a5 Rad8 23. axb6 axb6 24. Ra1 Bc8 25. Ra7 Kg8 26. Qc3 h4 27. Ra4 g5 28. Re4 Ng6 29. Qb3 Nf4 30. Bg4 Bb7 31. Qb5 Bxd5 32. Re8+ Kh7 33. Rxd8 Qxd8 34. g3 Bc6 35. Qxc6 1-0

[Event "ISR-ch"]
[Site "Ramat Aviv ISR"]
[Date "1998.11.08"]
[Round "1.2"]
[White "Lurie, Michael"]
[Black "Rabinovich, Alexander"]
[Result "1/2-1/2"]
[WhiteElo "2160"]
[BlackElo "2460"]
[PlyCount "46"]
[GameId "2129405166265989"]
[EventDate "1998.11.08"]
[EventType "k.o."]
[EventRounds "5"]
[EventCountry "ISR"]
[SourceTitle "CBM 68"]
[Source "ChessBase"]
[SourceDate "1999.02.01"]
[SourceVersion "1"]
[SourceVersionDate "1999.02.01"]
[SourceQuality "1"]

1. e4 e6 2. d4 d5 3. Nc3 Nf6 4. Bg5 dxe4 5. Nxe4 Be7 6. Bxf6 gxf6 7. Nf3 f5 8. Nc3 Bf6 9. Qd2 c5 10. dxc5 Qxd2+ 11. Kxd2 O-O 12. Bb5 Bd7 13. Bxd7 Nxd7 14. Na4 Rfc8 15. Rad1 b5 16. Kc1 Ne5 17. Nxe5 Bxe5 18. Nc3 Bxc3 19. bxc3 Rxc5 20. Rd3 Rac8 21. Rhd1 Rxc3 22. Rxc3 Rxc3 23. Rd4 Kg7 1/2-1/2

[Event "ISR-ch"]
[Site "Ramat Aviv ISR"]
[Date "1998.11.10"]
[Round "2.2"]
[White "Kantsler, Boris"]
[Black "Rabinovich, Alexander"]
[Result "1-0"]
[WhiteElo "2535"]
[BlackElo "2460"]
[PlyCount "99"]
[GameId "2129405166266009"]
[EventDate "1998.11.08"]
[EventType "k.o."]
[EventRounds "5"]
[EventCountry "ISR"]
[SourceTitle "CBM 68"]
[Source "ChessBase"]
[SourceDate "1999.02.01"]
[SourceVersion "1"]
[SourceVersionDate "1999.02.01"]
[SourceQuality "1"]

1. d4 d5 2. c4 e6 3. Nf3 c6 4. Qc2 Nd7 5. Bg5 Be7 6. Bxe7 Nxe7 7. e3 O-O 8. Bd3 h6 9. Nc3 Kh8 10. cxd5 exd5 11. b4 a5 12. b5 c5 13. dxc5 Nxc5 14. Nd4 Bg4 15. Na4 Ne6 16. Qb2 Qd6 17. a3 Ng6 18. Bxg6 Nxd4 19. Bd3 Ne6 20. h3 Bh5 21. O-O d4 22. Rfe1 Rfd8 23. Rac1 dxe3 24. Rxe3 Nf4 25. Bf1 Rac8 26. g3 Rxc1 27. Qxc1 Ne6 28. Qc3 Bg6 29. Qxa5 Nd4 30. Qb6 Qxb6 31. Nxb6 Nc2 32. Rc3 Rd1 33. f3 h5 34. Nc4 Nd4 35. Kf2 h4 36. gxh4 Nxb5 37. Rb3 Rb1 38. Rxb1 Bxb1 39. a4 Nc3 40. a5 Ba2 41. Ke3 Nb5 42. Ke4 Nc7 43. Ke5 Ne6 44. f4 Kh7 45. f5 Nd8 46. Kd6 g6 47. f6 Ne6 48. Ne5 Nd4 49. Kc7 Bd5 50. Bc4 1-0

[Event "FSGM 1998.06"]
[Site "Budapest HUN"]
[Date "1998.??.??"]
[Round "5"]
[White "Rabinovich, Alexander"]
[Black "Bunzmann, Dimitrij"]
[Result "1/2-1/2"]
[WhiteElo "2425"]
[BlackElo "2390"]
[PlyCount "62"]
[GameId "2129405168207927"]
[EventDate "1998.06.??"]
[EventType "tourn"]
[EventRounds "13"]
[EventCountry "HUN"]
[EventCategory "7"]
[SourceTitle "FSJuly"]
[Source "ADE"]

1. d4 e6 2. c4 Bb4+ 3. Nc3 b6 4. Qc2 Bb7 5. a3 Bxc3+ 6. Qxc3 d6 7. f3 f5 8. Nh3 Nf6 9. e3 O-O 10. Bd3 Nbd7 11. O-O Nh5 12. b4 Qe7 13. Bb2 e5 14. c5 e4 15. Bc4+ Kh8 16. f4 Nhf6 17. Qb3 h6 18. Be6 Ng4 19. Rfc1 c6 20. Nf2 Nxf2 21. Kxf2 d5 22. Bxd5 cxd5 23. c6 Ba6 24. cxd7 Qxd7 25. a4 Bc4 26. Qd1 a6 27. Kg1 Kh7 28. a5 Rab8 29. axb6 Rxb6 30. Bc3 Rc8 31. Bd2 Rcb8 1/2-1/2

[Event "FSGM 1998.06"]
[Site "Budapest HUN"]
[Date "1998.??.??"]
[Round "6"]
[White "Lorscheid, Gerhard"]
[Black "Rabinovich, Alexander"]
[Result "1-0"]
[WhiteElo "2315"]
[BlackElo "2425"]
[PlyCount "65"]
[GameId "2129405168207935"]
[EventDate "1998.06.??"]
[EventType "tourn"]
[EventRounds "13"]
[EventCountry "HUN"]
[EventCategory "7"]
[SourceTitle "FSJuly"]
[Source "ADE"]

1. d4 d5 2. c4 e6 3. Nc3 c5 4. e3 Nf6 5. Nf3 a6 6. cxd5 exd5 7. Be2 Be7 8. O-O O-O 9. b3 Nc6 10. Bb2 cxd4 11. Nxd4 Re8 12. Rc1 Bd6 13. Nxc6 bxc6 14. Bf3 Bd7 15. Na4 Ne4 16. Bxe4 Rxe4 17. Nc5 Rh4 18. g3 Rh6 19. Qd4 Bf8 20. e4 Bh3 21. Rfe1 dxe4 22. Qxd8 Rxd8 23. Nxe4 Bf5 24. Bc3 Rd5 25. Nd2 Be6 26. Nc4 Rdh5 27. Bd2 g5 28. h4 Rg6 29. Ne5 Rg7 30. Bxg5 f5 31. Bf6 Rc7 32. Nxc6 Bd5 33. Ne7+ 1-0

[Event "FSGM 1998.06"]
[Site "Budapest HUN"]
[Date "1998.??.??"]
[Round "7"]
[White "Rabinovich, Alexander"]
[Black "Borge, Nikolaj"]
[Result "1/2-1/2"]
[WhiteElo "2425"]
[BlackElo "2390"]
[PlyCount "41"]
[GameId "2129405168207940"]
[EventDate "1998.06.??"]
[EventType "tourn"]
[EventRounds "13"]
[EventCountry "HUN"]
[EventCategory "7"]
[SourceTitle "FSJuly"]
[Source "ADE"]

1. Nf3 f5 2. c4 Nf6 3. Nc3 d6 4. d4 g6 5. g3 Bg7 6. Bg2 O-O 7. O-O Nc6 8. d5 Ne5 9. Nd2 g5 10. f4 gxf4 11. Rxf4 Neg4 12. Nf3 e5 13. dxe6 Bxe6 14. Nd4 Bc8 15. h3 Nh6 16. Bf3 c6 17. Kf2 Qe7 18. Kg2 Bd7 19. Qd3 Rae8 20. b3 Ne4 21. Bb2 1/2-1/2

[Event "FSGM 1998.06"]
[Site "Budapest HUN"]
[Date "1998.??.??"]
[Round "8"]
[White "Acs, Peter"]
[Black "Rabinovich, Alexander"]
[Result "0-1"]
[WhiteElo "2450"]
[BlackElo "2425"]
[PlyCount "84"]
[GameId "2129405168207945"]
[EventDate "1998.06.??"]
[EventType "tourn"]
[EventRounds "13"]
[EventCountry "HUN"]
[EventCategory "7"]
[SourceTitle "FSJuly"]
[Source "ADE"]

1. e4 e6 2. d4 d5 3. Nd2 Nf6 4. e5 Nfd7 5. c3 c5 6. Bd3 Nc6 7. Ne2 cxd4 8. cxd4 f6 9. exf6 Nxf6 10. Nf3 Qc7 11. O-O Bd6 12. Nc3 a6 13. Bg5 O-O 14. Bh4 Nh5 15. Bg3 Nxg3 16. hxg3 g6 17. Rc1 Qg7 18. Bb1 g5 19. Qd3 g4 20. Nh2 h5 21. Ne2 Bd7 22. f3 Ne7 23. fxg4 hxg4 24. Qe3 Nf5 25. Bxf5 exf5 26. Qb3 Bc6 27. Rfe1 Rae8 28. Nf1 a5 29. Qd3 Bb8 30. Nf4 Ba7 31. Ne6 Rxe6 32. Rxe6 Qxd4+ 33. Qxd4 Bxd4+ 34. Re3 f4 35. gxf4 Rxf4 36. Rce1 Bb5 37. Ng3 Rf7 38. Kh2 Rh7+ 39. Kg1 Bd3 40. Kf2 Rf7+ 41. Kg1 Re7 42. Kf2 Re5 0-1

[Event "FSGM 1998.06"]
[Site "Budapest HUN"]
[Date "1998.06.14"]
[Round "9"]
[White "Rabinovich, Alexander"]
[Black "Varga, Zoltan"]
[Result "1/2-1/2"]
[WhiteElo "2425"]
[BlackElo "2520"]
[PlyCount "72"]
[GameId "2129405168207954"]
[EventDate "1998.06.??"]
[EventType "tourn"]
[EventRounds "13"]
[EventCountry "HUN"]
[EventCategory "7"]
[SourceTitle "FSJuly"]
[Source "ADE"]

1. d4 d5 2. Nf3 a6 3. Bg5 h6 4. Bh4 g5 5. Bg3 Bg7 6. e3 c5 7. c3 Nc6 8. Bd3 cxd4 9. exd4 Bg4 10. Nbd2 e6 11. h4 Nge7 12. hxg5 hxg5 13. Rxh8+ Bxh8 14. Qb3 Bxf3 15. Nxf3 Na5 16. Qa3 Nec6 17. Qd6 Qxd6 18. Bxd6 g4 19. Nd2 Kd7 20. Bg3 Ne7 21. O-O-O Bf6 22. Rh1 Rh8 23. Rxh8 Bxh8 24. b4 Nac6 25. Nb3 e5 26. Nc5+ Kc8 27. dxe5 Bxe5 28. Bxe5 Nxe5 29. Be2 Kc7 30. a4 g3 31. fxg3 Nf5 32. Kd2 Nxg3 33. Ke3 Nxe2 34. Kxe2 d4 35. cxd4 Nc6 36. Nd3 Nxd4+ 1/2-1/2

[Event "FSGM 1998.06"]
[Site "Budapest HUN"]
[Date "1998.06.15"]
[Round "10"]
[White "Oral, Tomas"]
[Black "Rabinovich, Alexander"]
[Result "1-0"]
[WhiteElo "2455"]
[BlackElo "2425"]
[PlyCount "75"]
[GameId "2129405168207964"]
[EventDate "1998.06.??"]
[EventType "tourn"]
[EventRounds "13"]
[EventCountry "HUN"]
[EventCategory "7"]
[SourceTitle "FSJuly"]
[Source "ADE"]

1. e4 e6 2. d4 d5 3. Nd2 Nf6 4. e5 Nfd7 5. Bd3 c5 6. c3 Nc6 7. Ne2 cxd4 8. cxd4 f6 9. exf6 Nxf6 10. Nf3 Qc7 11. O-O Bd6 12. Bg5 O-O 13. Bh4 Ng4 14. Bg3 Bxg3 15. Nxg3 Qf4 16. Ne2 Qd6 17. h3 Rxf3 18. hxg4 Rf7 19. f4 Bd7 20. a3 Qc7 21. Qc2 g6 22. b4 Qb6 23. Qc5 e5 24. Qxb6 axb6 25. dxe5 Bxg4 26. Nc3 Be6 27. Nb5 Raf8 28. g3 Bh3 29. Rfe1 g5 30. Kh2 Bg4 31. Nd6 Re7 32. Rf1 Nd4 33. Kg2 Re6 34. Nb5 Nxb5 35. Bxb5 Re7 36. Bd3 h5 37. Rae1 gxf4 38. gxf4 1-0

[Event "FSGM 1998.06"]
[Site "Budapest HUN"]
[Date "1998.06.16"]
[Round "11"]
[White "Rabinovich, Alexander"]
[Black "Csom, Istvan"]
[Result "1/2-1/2"]
[WhiteElo "2425"]
[BlackElo "2460"]
[PlyCount "39"]
[GameId "2129405168207968"]
[EventDate "1998.06.??"]
[EventType "tourn"]
[EventRounds "13"]
[EventCountry "HUN"]
[EventCategory "7"]
[SourceTitle "FSJuly"]
[Source "ADE"]

1. d4 Nf6 2. Bg5 b6 3. Bxf6 exf6 4. e3 Bb7 5. Nd2 f5 6. Ngf3 g6 7. Bd3 Bg7 8. O-O O-O 9. c4 d6 10. Qc2 c5 11. d5 Nd7 12. Rfe1 Re8 13. Rab1 Re7 14. a3 a5 15. Nf1 Nf6 16. Ng3 Bc8 17. Ne2 Ne4 18. Nd2 Qe8 19. Nf1 Bd7 20. f3 1/2-1/2

[Event "FSGM 1998.06"]
[Site "Budapest HUN"]
[Date "1998.06.17"]
[Round "12"]
[White "Rabinovich, Alexander"]
[Black "Hatanbaatar, Bazar"]
[Result "1-0"]
[WhiteElo "2425"]
[BlackElo "2445"]
[PlyCount "79"]
[GameId "2129405168207978"]
[EventDate "1998.06.??"]
[EventType "tourn"]
[EventRounds "13"]
[EventCountry "HUN"]
[EventCategory "7"]
[SourceTitle "FSJuly"]
[Source "ADE"]

1. d4 d5 2. c4 c6 3. Nf3 Nf6 4. Nc3 dxc4 5. a4 Bf5 6. e3 e6 7. Bxc4 Bb4 8. O-O O-O 9. Qe2 Nbd7 10. Rd1 Bg6 11. Ne5 Nxe5 12. dxe5 Nd7 13. f4 a5 14. e4 Qe7 15. Bd3 h6 16. Kh1 Bh7 17. Rf1 Rfd8 18. Bc2 Kh8 19. Rf3 Rac8 20. Rh3 Qe8 21. Be3 f6 22. exf6 Nxf6 23. Rd1 Rd7 24. Bd2 Rcd8 25. g4 Ng8 26. g5 e5 27. gxh6 gxh6 28. f5 Bf8 29. Bb3 Rd6 30. Rg1 R8d7 31. Nd1 Rg7 32. Rf1 Be7 33. Ne3 Bg5 34. Nc4 Rd4 35. Bxg5 Rxg5 36. Nd2 Nf6 37. Rxh6 Qd8 38. Nf3 Ng4 39. Rh4 Rb4 40. Nxg5 1-0

[Event "FSGM 1998.06"]
[Site "Budapest HUN"]
[Date "1998.06.18"]
[Round "13"]
[White "Stocek, Jiri"]
[Black "Rabinovich, Alexander"]
[Result "1/2-1/2"]
[WhiteElo "2450"]
[BlackElo "2425"]
[PlyCount "105"]
[GameId "2129405168207984"]
[EventDate "1998.06.??"]
[EventType "tourn"]
[EventRounds "13"]
[EventCountry "HUN"]
[EventCategory "7"]
[SourceTitle "FSJuly"]
[Source "ADE"]

1. d4 d5 2. c4 e6 3. Nf3 c6 4. e3 Nf6 5. Bd3 Nbd7 6. Nbd2 c5 7. O-O Be7 8. Qe2 O-O 9. b3 b6 10. Bb2 Bb7 11. Rad1 Qc7 12. e4 dxe4 13. Nxe4 Nxe4 14. Bxe4 Bxe4 15. Qxe4 Bf6 16. Rd2 Rad8 17. Rfd1 Rfe8 18. g3 h6 19. h4 a6 20. Ba3 Qc8 21. dxc5 Nxc5 22. Qe3 Rxd2 23. Rxd2 Rd8 24. Rxd8+ Bxd8 25. Bb2 f6 26. Ba3 e5 27. Nd2 Ne6 28. Ne4 Qc6 29. Qd3 Nd4 30. Bb2 Ne6 31. Nc3 Kf7 32. Nd5 b5 33. h5 bxc4 34. bxc4 a5 35. Bc1 Kg8 36. Be3 Nf8 37. c5 f5 38. Nc3 f4 39. gxf4 exf4 40. Qc4+ Ne6 41. Bxf4 Kh8 42. Bd6 Ng5 43. Qd5 Qe8 44. Be5 Bf6 45. Bxf6 gxf6 46. Kf1 Qxh5 47. Qf5 Kg7 48. Kg2 Qe8 49. f4 Ne6 50. Nd5 Nxc5 51. Qxf6+ Kh7 52. Nc7 Qh5 53. Qf8 1/2-1/2

[Event "Czerniak mem"]
[Site "Tel Aviv ISR"]
[Date "1998.04.09"]
[Round "1"]
[White "Elbilia, Jacques"]
[Black "Rabinovich, Alexander"]
[Result "0-1"]
[WhiteElo "2360"]
[BlackElo "2425"]
[PlyCount "79"]
[GameId "2129405168467128"]
[EventDate "1998.04.09"]
[EventType "tourn"]
[EventRounds "9"]
[EventCountry "ISR"]
[EventCategory "9"]
[SourceTitle "CBM 65"]
[Source "ChessBase"]
[SourceDate "1998.08.06"]
[SourceVersion "1"]
[SourceVersionDate "1998.08.06"]
[SourceQuality "1"]

1. d4 d5 2. Nf3 Nf6 3. c4 dxc4 4. Nc3 a6 5. e4 b5 6. e5 Nd5 7. a4 c6 8. Be2 Bf5 9. Nh4 Nxc3 10. bxc3 Be4 11. e6 fxe6 12. O-O g6 13. Re1 Bd5 14. Bg4 Bg7 15. Bxe6 Bxe6 16. Rxe6 O-O 17. Qg4 Rf7 18. Ba3 Nd7 19. Rae1 Nf6 20. Qg5 Nd5 21. Qd2 Qd7 22. Nf3 Raf8 23. R1e4 a5 24. Bc5 b4 25. cxb4 c3 26. Qa2 axb4 27. Qb3 Bf6 28. a5 Ra8 29. Bb6 Rb8 30. Bc5 Nc7 31. a6 Nxe6 32. a7 Ra8 33. Rxe6 Qd5 34. Qxd5 cxd5 35. Bxb4 c2 36. Rc6 Rxa7 37. Rxc2 Ra1+ 38. Be1 Bxd4 39. Kf1 Bf6 40. Ke2 0-1

[Event "Czerniak mem"]
[Site "Tel Aviv ISR"]
[Date "1998.04.10"]
[Round "2"]
[White "Rabinovich, Alexander"]
[Black "Zifroni, Dov"]
[Result "0-1"]
[WhiteElo "2425"]
[BlackElo "2500"]
[PlyCount "114"]
[GameId "2129405168467136"]
[EventDate "1998.04.09"]
[EventType "tourn"]
[EventRounds "9"]
[EventCountry "ISR"]
[EventCategory "9"]
[SourceTitle "CBM 65"]
[Source "ChessBase"]
[SourceDate "1998.08.06"]
[SourceVersion "1"]
[SourceVersionDate "1998.08.06"]
[SourceQuality "1"]

1. d4 d5 2. Nf3 Nf6 3. c4 e6 4. Nc3 Bb4 5. Qa4+ Nc6 6. cxd5 exd5 7. Bg5 h6 8. Bxf6 Qxf6 9. e3 O-O 10. Be2 Be6 11. a3 Bxc3+ 12. bxc3 Qg6 13. O-O Bh3 14. Ne1 Rad8 15. Bb5 Rd6 16. Bxc6 Rxc6 17. Qxa7 b6 18. Qa4 Rxc3 19. Kh1 Bg4 20. Qb5 Rd8 21. a4 Qf6 22. h3 Bh5 23. a5 bxa5 24. Rxa5 c6 25. Qa6 Rb8 26. Ra1 Kh7 27. g4 Bg6 28. Qe2 c5 29. dxc5 d4 30. Rd1 dxe3 31. fxe3 Rb2 32. Rxf6 Rxe2 33. Rxg6 Kxg6 34. Ng2 Kh7 35. Rf1 Rcc2 36. Rg1 Rxc5 37. Kh2 Rcc2 38. Kg3 g5 39. Kf3 Rf2+ 40. Kg3 Rfe2 41. Kf3 Red2 42. Kg3 Kg7 43. Ne1 Rc1 44. Nf3 Rxg1+ 45. Nxg1 Kf6 46. Kf3 Ke6 47. Ne2 Ke5 48. Ng1 Rd6 49. Ne2 Rf6+ 50. Kg2 Ke4 51. Nc3+ Kd3 52. Nd5 Rd6 53. Ne7 Ke4 54. Nf5 Rf6 55. Ne7 Kd3 56. Kg3 Ke2 57. Nd5 Re6 0-1

[Event "Czerniak mem"]
[Site "Tel Aviv ISR"]
[Date "1998.04.13"]
[Round "5"]
[White "Kaspi, Alexander"]
[Black "Rabinovich, Alexander"]
[Result "1-0"]
[WhiteElo "2525"]
[BlackElo "2425"]
[PlyCount "81"]
[GameId "2129405168467151"]
[EventDate "1998.04.09"]
[EventType "tourn"]
[EventRounds "9"]
[EventCountry "ISR"]
[EventCategory "9"]
[SourceTitle "CBM 65"]
[Source "ChessBase"]
[SourceDate "1998.08.06"]
[SourceVersion "1"]
[SourceVersionDate "1998.08.06"]
[SourceQuality "1"]

1. c4 e5 2. Nc3 d6 3. g3 Be6 4. Bg2 c6 5. d3 Be7 6. Nf3 h6 7. O-O Nf6 8. b4 a6 9. Rb1 O-O 10. e4 Nbd7 11. Nh4 b5 12. f4 exf4 13. gxf4 Qb6+ 14. Kh1 Ng4 15. f5 Nde5 16. Nf3 Nxd3 17. Qxd3 Bxc4 18. Qc2 Bxf1 19. Bxf1 Bf6 20. Nd1 Ne5 21. Be3 Qb7 22. Nxe5 Bxe5 23. Nf2 Rac8 24. Ng4 f6 25. Bd3 Kh8 26. a4 Rb8 27. a5 Rbc8 28. Rg1 Qe7 29. Qd2 Rf7 30. Bb1 c5 31. Nxe5 fxe5 32. Rd1 Rc6 33. Qd5 Qc7 34. Rg1 Rf6 35. Rc1 Rf8 36. Bd3 Rc8 37. Rg1 cxb4 38. f6 gxf6 39. Qe6 d5 40. Qh3 d4 41. Bxh6 1-0

[Event "Czerniak mem"]
[Site "Tel Aviv ISR"]
[Date "1998.04.15"]
[Round "6"]
[White "Skripchenko, Almira"]
[Black "Rabinovich, Alexander"]
[Result "1/2-1/2"]
[WhiteElo "2400"]
[BlackElo "2425"]
[PlyCount "38"]
[GameId "2129405168467157"]
[EventDate "1998.04.09"]
[EventType "tourn"]
[EventRounds "9"]
[EventCountry "ISR"]
[EventCategory "9"]
[SourceTitle "CBM 65"]
[Source "ChessBase"]
[SourceDate "1998.08.06"]
[SourceVersion "1"]
[SourceVersionDate "1998.08.06"]
[SourceQuality "1"]

1. e4 e6 2. d4 d5 3. exd5 exd5 4. Nf3 Nc6 5. h3 Bf5 6. Bd3 Bxd3 7. Qxd3 Bd6 8. O-O Nge7 9. Re1 Qd7 10. c3 f6 11. Nbd2 O-O 12. Nf1 Ng6 13. Bd2 Nce7 14. Re2 Rae8 15. Rae1 Nc8 16. b3 Rxe2 17. Rxe2 Re8 18. Rxe8+ Qxe8 19. Qf5 Nb6 1/2-1/2

[Event "Czerniak mem"]
[Site "Tel Aviv ISR"]
[Date "1998.04.18"]
[Round "9"]
[White "Rabinovich, Alexander"]
[Black "Manor, Ilan"]
[Result "0-1"]
[WhiteElo "2425"]
[BlackElo "2530"]
[PlyCount "56"]
[GameId "2129405168467172"]
[EventDate "1998.04.09"]
[EventType "tourn"]
[EventRounds "9"]
[EventCountry "ISR"]
[EventCategory "9"]
[SourceTitle "CBM 65"]
[Source "ChessBase"]
[SourceDate "1998.08.06"]
[SourceVersion "1"]
[SourceVersionDate "1998.08.06"]
[SourceQuality "1"]

1. d4 Nf6 2. c4 g6 3. Nc3 d5 4. cxd5 Nxd5 5. Bd2 Bg7 6. e4 Nb6 7. Be3 O-O 8. Be2 Nc6 9. d5 Ne5 10. Bd4 c5 11. Bxc5 Nec4 12. Bxc4 Nxc4 13. Qb3 b6 14. Qxc4 bxc5 15. Qxc5 Rb8 16. Rb1 Ba6 17. Nge2 Bd3 18. O-O Bxb1 19. Rxb1 Qd7 20. Nd4 Qd6 21. Qxd6 exd6 22. Nce2 Rb4 23. Nc6 Rxe4 24. Nc3 Bxc3 25. bxc3 Rfe8 26. Kf1 Re2 27. c4 Rxa2 28. c5 dxc5 0-1

[Event "Shavuot Masters"]
[Site "Tel Aviv ISR"]
[Date "1997.06.12"]
[Round "4"]
[White "Rabinovich, Alexander"]
[Black "Vovsha, Eli"]
[Result "1/2-1/2"]
[WhiteElo "2350"]
[BlackElo "2205"]
[PlyCount "80"]
[GameId "2129405173282295"]
[EventDate "1997.06.10"]
[EventType "tourn"]
[EventRounds "9"]
[EventCountry "ISR"]
[EventCategory "4"]
[SourceTitle "EXT 99"]
[Source "ChessBase"]
[SourceDate "1998.11.10"]
[SourceVersion "1"]
[SourceVersionDate "1998.11.10"]
[SourceQuality "1"]

1. d4 c5 2. dxc5 e6 3. Be3 Na6 4. g3 Bxc5 5. Bxc5 Nxc5 6. c4 Qb6 7. b3 Ne4 8. e3 Qb4+ 9. Nd2 b6 10. Bg2 Bb7 11. a3 Qxd2+ 12. Qxd2 Nxd2 13. Bxb7 Nxb3 14. Rb1 Rb8 15. Rxb3 Rxb7 16. c5 Nf6 17. Nf3 Ne4 18. cxb6 Rxb6 19. Rxb6 axb6 20. O-O Nc3 21. Kg2 Ke7 22. Rc1 Rc8 23. Nd4 Rc5 24. g4 g6 25. h4 h6 26. Nb3 Rc6 27. Nd4 Rc5 28. Nb3 Rc6 29. Nd4 Rc7 30. Ne2 Nd5 31. Rb1 Rc4 32. Kf3 Ra4 33. Rb3 f5 34. gxf5 gxf5 35. Nf4 Nxf4 36. exf4 Kf6 37. h5 Rc4 38. Rxb6 Rc3+ 39. Kg2 Rxa3 40. Rb8 Kg7 1/2-1/2

[Event "Shavuot Masters"]
[Site "Tel Aviv ISR"]
[Date "1997.06.13"]
[Round "6"]
[White "Rabinovich, Alexander"]
[Black "Ribshtein, Nati"]
[Result "1/2-1/2"]
[WhiteElo "2350"]
[BlackElo "2290"]
[PlyCount "107"]
[GameId "2129405173282305"]
[EventDate "1997.06.10"]
[EventType "tourn"]
[EventRounds "9"]
[EventCountry "ISR"]
[EventCategory "4"]
[SourceTitle "EXT 99"]
[Source "ChessBase"]
[SourceDate "1998.11.10"]
[SourceVersion "1"]
[SourceVersionDate "1998.11.10"]
[SourceQuality "1"]

1. d4 Nf6 2. c4 c5 3. d5 e6 4. Nc3 exd5 5. cxd5 Bd6 6. g3 O-O 7. Bg2 Re8 8. Nh3 Bf8 9. O-O d6 10. Nf4 Nbd7 11. b3 g6 12. Bb2 a6 13. Re1 b5 14. Rc1 Bg7 15. Ba1 Nb6 16. e4 Ng4 17. Nd3 Bd4 18. Ne2 Bxa1 19. Rxa1 a5 20. Rc1 c4 21. bxc4 bxc4 22. Ndf4 Ne5 23. Nd4 g5 24. Nh3 Bg4 25. Qd2 Bxh3 26. Bxh3 Nd3 27. f4 gxf4 28. gxf4 Qf6 29. Nf5 Kh8 30. Kh1 Nxc1 31. Qxc1 c3 32. Re3 Rac8 33. Nxd6 Qxd6 34. Bxc8 Nxd5 35. Rd3 Rxe4 36. Qxc3+ Nxc3 37. Rxd6 Rxf4 38. Rd3 Rc4 39. Bd7 Ne4 40. Ra3 Rc5 41. Rf3 Kg7 42. a4 Kg6 43. Kg2 Rg5+ 44. Kh1 Rd5 45. Be8 Nd6 46. Bc6 Rc5 47. Bd7 Rd5 48. Rb3 f5 49. Rg3+ Kf6 50. Rh3 f4 51. Kg2 Rd2+ 52. Kf1 Ne4 53. Bc6 Kf5 54. Rxh7 1/2-1/2

[Event "Shavuot Masters"]
[Site "Tel Aviv ISR"]
[Date "1997.06.14"]
[Round "8"]
[White "Rabinovich, Alexander"]
[Black "Bykhovsky, Avigdor"]
[Result "1/2-1/2"]
[WhiteElo "2350"]
[BlackElo "2420"]
[PlyCount "65"]
[GameId "2129405173282315"]
[EventDate "1997.06.10"]
[EventType "tourn"]
[EventRounds "9"]
[EventCountry "ISR"]
[EventCategory "4"]
[SourceTitle "EXT 99"]
[Source "ChessBase"]
[SourceDate "1998.11.10"]
[SourceVersion "1"]
[SourceVersionDate "1998.11.10"]
[SourceQuality "1"]

1. d4 d5 2. c4 c6 3. Nf3 e6 4. Nc3 dxc4 5. a4 Bb4 6. e3 b5 7. Bd2 Qe7 8. g3 Nf6 9. Bg2 Bb7 10. O-O a6 11. Ne5 O-O 12. f4 Rd8 13. Qe2 Nd5 14. Nxd5 exd5 15. Bxb4 Qxb4 16. Bh3 Qe7 17. Bf5 g6 18. Bc2 Nd7 19. g4 f6 20. Nf3 b4 21. Rae1 c5 22. Qg2 Re8 23. h4 Kh8 24. f5 Nf8 25. Kh1 Bc8 26. e4 dxe4 27. Bxe4 Bb7 28. d5 Qd7 29. Nd2 c3 30. bxc3 bxc3 31. Nc4 Rad8 32. Nb6 Qd6 33. a5 1/2-1/2

[Event "Shavuot Masters"]
[Site "Tel Aviv ISR"]
[Date "1997.06.14"]
[Round "9"]
[White "Shevelev, Arkady"]
[Black "Rabinovich, Alexander"]
[Result "1/2-1/2"]
[WhiteElo "2415"]
[BlackElo "2350"]
[PlyCount "80"]
[GameId "2129405173282323"]
[EventDate "1997.06.10"]
[EventType "tourn"]
[EventRounds "9"]
[EventCountry "ISR"]
[EventCategory "4"]
[SourceTitle "EXT 99"]
[Source "ChessBase"]
[SourceDate "1998.11.10"]
[SourceVersion "1"]
[SourceVersionDate "1998.11.10"]
[SourceQuality "1"]

1. e4 e6 2. d4 d5 3. Nd2 Nf6 4. e5 Nfd7 5. Bd3 c5 6. c3 Nc6 7. Ne2 cxd4 8. cxd4 f6 9. exf6 Qxf6 10. Nf3 h6 11. O-O Bd6 12. Bb1 O-O 13. Qd3 Rd8 14. g3 Nf8 15. Bf4 Bxf4 16. Nxf4 g5 17. Ne2 Bd7 18. Qe3 Be8 19. Ne5 Nxe5 20. dxe5 Qg7 21. Nd4 Bg6 22. f4 Bxb1 23. Raxb1 Re8 24. Rbe1 Qg6 25. f5 exf5 26. Rxf5 Qb6 27. Rf6 Qxf6 28. exf6 Rxe3 29. Rxe3 Kf7 30. Re7+ Kxf6 31. Rxb7 Ne6 32. Nxe6 Kxe6 33. Kf2 Rc8 34. Kf3 Rc2 35. h3 h5 36. Rxa7 Rxb2 37. Rh7 Rxa2 38. Rxh5 Kf6 39. h4 Ra3+ 40. Kf2 gxh4 1/2-1/2

[Event "Dov Porath mem"]
[Site "Givatayim ISR"]
[Date "1997.??.??"]
[Round "2"]
[White "Rabinovich, Alexander"]
[Black "Cnaan, Moshe"]
[Result "1-0"]
[WhiteElo "2350"]
[BlackElo "2220"]
[PlyCount "99"]
[GameId "2129405173663328"]
[EventDate "1997.03.10"]
[EventType "swiss"]
[EventRounds "7"]
[EventCountry "ISR"]
[SourceTitle "EXP 58"]
[Source "ChessBase"]
[SourceDate "1997.07.29"]
[SourceVersion "1"]
[SourceVersionDate "1997.07.29"]
[SourceQuality "1"]

1. d4 Nf6 2. c4 c5 3. d5 b5 4. cxb5 a6 5. f3 d6 6. e4 g6 7. Na3 Bg7 8. Ne2 O-O 9. Nc3 axb5 10. Naxb5 Nbd7 11. Be2 Nb6 12. O-O Bb7 13. Be3 Ne8 14. a4 Ba6 15. Qd2 Nc7 16. Bh6 Qd7 17. Bxg7 Kxg7 18. b4 Rfb8 19. Nxc7 Qxc7 20. b5 Bc8 21. a5 Nd7 22. b6 Qd8 23. Nb5 Nxb6 24. axb6 Qxb6 25. Rxa8 Rxa8 26. f4 f6 27. Kh1 Ra4 28. e5 Bf5 29. exd6 exd6 30. h3 h5 31. Nc3 Ra3 32. Nd1 h4 33. Ne3 Be4 34. Bf3 Rd3 35. Qe2 Rd4 36. Ng4 f5 37. Bxe4 Rxe4 38. Qc2 Qb4 39. Nh2 Rxf4 40. Rb1 Qa5 41. Nf3 Rb4 42. Qc3+ Kg8 43. Rxb4 cxb4 44. Qc8+ Kg7 45. Qd7+ Kh6 46. Qxd6 Qa1+ 47. Kh2 b3 48. Ne5 Kg5 49. Nf7+ Kh5 50. Qf4 1-0